[Event "Doha Winter Cup"]
[Site "Doha"]
[Date "2018.02.10"]
[Round "9"]
[White "Al Obaidli, Rashid"]
[Black "Bologan, Anton"]
[Result "1-0"]
[WhiteElo "1985"]
[BlackElo "1222"]
[PlyCount "55"]
[EventDate "2018.02.01"]
[EventType "tourn"]
[EventRounds "9"]
[EventCountry "QAT"]
[SourceTitle "CBM 182 Extra"]
[Source "ChessBase"]
[SourceDate "2018.02.23"]
[SourceVersion "1"]
[SourceVersionDate "2018.02.23"]
[SourceQuality "1"]

1. e4 e5 2. Nf3 Nc6 3. Bb5 Nf6 4. d3 Bc5 5. Bg5 0-0 6. 0-0 d6 7. h3 h6 8. Bh4 a6 9. Ba4 Be6 10. Nc3 b5 11. Bb3 Nd4 12. Rb1 Nxb3 13. axb3 c6 14. d4 exd4 15. Nxd4 Bd7 16. Qd3 Qe7 17. Rbe1 Rfe8 18. f4 Bxd4+ 19. Qxd4 c5 20. Qd3 b4 21. Nd5 Qe6 22. Nc7 Qe7 23. Nxe8 Bxe8 24. e5 dxe5 25. fxe5 Bb5 26. exf6 Qf8 27. fxg7 Qxg7 28. Qf3 1-0

[Event "Doha Winter Cup"]
[Site "Doha"]
[Date "2018.02.03"]
[Round "5"]
[White "Al Obaidli, Rashid"]
[Black "Nasar, El Hassan"]
[Result "1-0"]
[WhiteElo "1985"]
[BlackElo "1603"]
[PlyCount "93"]
[EventDate "2018.02.01"]
[EventType "tourn"]
[EventRounds "9"]
[EventCountry "QAT"]
[SourceTitle "CBM 182 Extra"]
[Source "ChessBase"]
[SourceDate "2018.02.23"]
[SourceVersion "1"]
[SourceVersionDate "2018.02.23"]
[SourceQuality "1"]

1. e4 e5 2. Nf3 Nc6 3. Bb5 a6 4. Ba4 Nf6 5. d3 b5 6. Bb3 Be7 7. Bg5 d6 8. h3 Na5 9. Qd2 Nxb3 10. axb3 c5 11. c4 b4 12. 0-0 0-0 13. Qe2 Bd7 14. Nbd2 Re8 15. Ne1 Qc7 16. Nc2 Be6 17. Ne3 a5 18. Qf3 Nd7 19. Bxe7 Rxe7 20. Qg3 Nb6 21. Nf3 a4 22. bxa4 Rxa4 23. Rxa4 Nxa4 24. Ra1 Nb6 25. Nh4 Re8 26. Nhf5 Bxf5 27. Nxf5 f6 28. Ra6 g6 29. Nh6+ Kh8 30. Qf3 Kg7 31. Ng4 Rf8 32. Qd1 Qb7 33. Qa1 Ra8 34. Ra5 Rxa5 35. Qxa5 h5 36. Ne3 Nc8 37. Nd5 Ne7 38. Qd8 Nxd5 39. cxd5 Qa6 40. Qe7+ Kh6 41. Qxf6 Qa1+ 42. Kh2 Qxb2 43. Qh8+ Kg5 44. h4+ Kxh4 45. Qf6+ g5 46. Qf3 Qxf2 47. Qxf2+ 1-0

[Event "Doha Winter Cup"]
[Site "Doha"]
[Date "2018.02.02"]
[Round "3"]
[White "Al Obaidli, Rashid"]
[Black "Al Marri, Omar"]
[Result "0-1"]
[WhiteElo "1985"]
[BlackElo "2118"]
[PlyCount "89"]
[EventDate "2018.02.01"]
[EventType "tourn"]
[EventRounds "9"]
[EventCountry "QAT"]
[SourceTitle "CBM 182 Extra"]
[Source "ChessBase"]
[SourceDate "2018.02.23"]
[SourceVersion "1"]
[SourceVersionDate "2018.02.23"]
[SourceQuality "1"]

1. e4 e5 2. Nf3 Nc6 3. Bc4 Bc5 4. c3 Nf6 5. d3 a6 6. Bb3 h6 7. 0-0 0-0 8. Be3 Bxe3 9. fxe3 d5 10. exd5 Nxd5 11. Qe2 Bg4 12. Nbd2 Nf6 13. e4 Nh5 14. Qe3 Qe7 15. Qf2 Be6 16. Bc2 Rad8 17. Nb3 Nf6 18. h3 b6 19. Rfe1 Nh5 20. d4 Bc8 21. d5 Nb8 22. Nh2 Nf4 23. Nd2 Nd7 24. Ndf1 Nc5 25. Qg3 Kh8 26. b4 Nb7 27. Ne3 g5 28. a3 h5 29. c4 Rg8 30. Rf1 f6 31. Nf5 Bxf5 32. exf5 a5 33. Qc3 axb4 34. axb4 Nd6 35. Nf3 Ra8 36. Rae1 Qd7 37. Nd2 Nxf5 38. Ne4 Rgf8 39. Kh2 Nd6 40. Nxd6 cxd6 41. Qe3 h4 42. Qe4 Ra3 43. Rf3 Ra2 44. b5 Rfa8 45. Kh1 0-1

[Event "Doha Winter Cup"]
[Site "Doha"]
[Date "2018.02.02"]
[Round "2"]
[White "Omar, Ahmed Salah"]
[Black "Al Obaidli, Rashid"]
[Result "1-0"]
[WhiteElo "1676"]
[BlackElo "1985"]
[PlyCount "77"]
[EventDate "2018.02.01"]
[EventType "tourn"]
[EventRounds "9"]
[EventCountry "QAT"]
[SourceTitle "CBM 182 Extra"]
[Source "ChessBase"]
[SourceDate "2018.02.23"]
[SourceVersion "1"]
[SourceVersionDate "2018.02.23"]
[SourceQuality "1"]

1. e4 e5 2. Nf3 Nc6 3. Bb5 a6 4. Ba4 Nf6 5. d4 exd4 6. e5 Bb4+ 7. c3 dxc3 8. bxc3 Ba5 9. exf6 Qxf6 10. Qe2+ Qe7 11. Qxe7+ Nxe7 12. 0-0 0-0 13. Bb2 d6 14. h3 Be6 15. Bb3 d5 16. Nd4 Bd7 17. Ba3 Rfe8 18. Bxe7 Rxe7 19. Bxd5 c6 20. Bf3 Rae8 21. Nb3 Bb6 22. N1d2 Bf5 23. Nc4 Bc7 24. Ne3 Bg6 25. Rad1 Bf4 26. Nc4 Bc2 27. Rd4 Be5 28. Nxe5 Rxe5 29. Rd2 Bf5 30. Rfd1 Kf8 31. g4 Be6 32. Kg2 f5 33. Nd4 Bc8 34. Nxf5 Bxf5 35. gxf5 Rxf5 36. Rd7 Rg5+ 37. Kf1 Rb5 38. Be2 Rb2 39. Bc4 1-0